Estadísticas para Máximos goleadores en la historia del Bayern de Múnich

Haz click aquí para intentar la prueba.

Estadísticas generales

  • Esta prueba ha sido intentada 35 veces
  • La puntuación promedio es 4 de 10

Estadísticas de respuestas

GolesNacionalidadJugador% Correcto
568AlemaniaGerd Müller
100%
239AlemaniaThomas Müller
100%
344PoloniaRobert Lewandowski
97%
144Países BajosArjen Robben
67%
217AlemaniaKarl-Heinz Rummenigge
33%
139BrasilGiovane Élber
17%
145AlemaniaDieter Hoeneß
13%
137AlemaniaDieter Brenninger
0%
223AlemaniaRainer Ohlhauser
0%
156AlemaniaRoland Wohlfarth
0%

Distribución de puntuación

Porcentaje por número respondido

Porcentaje de gente con cada puntuación

Historial de tus puntuaciones

No has intentado esta prueba.